Molecular detection and antibiogram of gut-associated escherichia coli from apparently healthy ruminants of dhaka and its surrounding districts, bangladesh / (Record no. 18399)

MARC details
000 -LEADER
fixed length control field 01200nam a22002897a 4500
001 - CONTROL NUMBER
control field BD-DhSAU 9278
003 - CONTROL NUMBER IDENTIFIER
control field BD-DhSAU
005 - DATE AND TIME OF LATEST TRANSACTION
control field 20260513110703.0
008 - FIXED-LENGTH DATA ELEMENTS--GENERAL INFORMATION
fixed length control field 260513b2018 bg a|||| m||| 00| 0 eng d
040 ## - CATALOGING SOURCE
Original cataloging agency BD-DhSAU
082 ## - DEWEY DECIMAL CLASSIFICATION NUMBER
Edition number 22
Classification number 616.96
Item number Al42
100 ## - MAIN ENTRY--PERSONAL NAME
Personal name MONDAL, ALICH
Relator term Registration # 18-08853
245 ## - TITLE STATEMENT
Title Molecular detection and antibiogram of gut-associated escherichia coli from apparently healthy ruminants of dhaka and its surrounding districts, bangladesh /
Remainder of title MS thesis
260 ## - PUBLICATION, DISTRIBUTION, ETC. (IMPRINT)
Place of publication, distribution, etc. Sher-e-Bangla Agricultural University;
Name of publisher, distributor, etc. Department of Microbiology and parasitology ;
Date of publication, distribution, etc. 2024.
300 ## - PHYSICAL DESCRIPTION
Extent xi, 65p. :
Other physical details ill. ;
Dimensions 30 cm.
500 ## - GENERAL NOTE
General note MS thesis of Department of Microbiology and parasitology, ;, Faculty of ASVM. Sher-e-Balgla Agricultural University Dhaka-1207
504 ## - BIBLIOGRAPHY, ETC. NOTE
Bibliography, etc Includes bibliographical reference.
590 ## - Name of Cataloguer
Name of Cataloger Nazmul
650 ## - SUBJECT ADDED ENTRY--TOPICAL TERM
Topical term or geographic name as entry element molecular detection and antibiogram
650 ## - SUBJECT ADDED ENTRY--TOPICAL TERM
Topical term or geographic name as entry element gut-associated escherichia coli
651 ## - SUBJECT ADDED ENTRY--GEOGRAPHIC NAME
Geographic name healthy ruminants
654 ## - SUBJECT ADDED ENTRY--FACETED TOPICAL TERM
Focus term surrounding
700 ## - ADDED ENTRY--PERSONAL NAME
Personal name Assico. Prof. Dr. Mahfuzul Islam
Relator term Superviser
710 ## - ADDED ENTRY--CORPORATE NAME
Relator term Co-Superviser
Corporate name or jurisdiction name as entry element Assico. Prof. Dr. Mirza Synthia Sabrin
942 ## - ADDED ENTRY ELEMENTS (KOHA)
Source of classification or shelving scheme Dewey Decimal Classification
Koha item type MS Level Thesis
Holdings
Withdrawn status Lost status Source of classification or shelving scheme Damaged status Not for loan Collection code Home library Branch Name Date acquired Total Checkouts Full call number Barcode Date last seen Price effective from Koha item type
    Dewey Decimal Classification   Not For Loan Reference SAU Library SAU Library 13/05/2026   616.96 Al42 46286 13/05/2026 13/05/2026 MS Level Thesis